Представление документа в формате MARC21

Поле Инд. ПП Название Значение
Тип записи a
Библиографический уровень m
001 Контрольный номер 98f0638e-d6ae-4ab3-80be-dccf5d353c8c
005 Дата корректировки 20111130184004.2
008 Кодируемые данные 950630s1995 rur 00000 rus d
020 a ISBN 5-7562-0017-7
c Цена, тираж 6250
041 a Код языка текста rus
080 a Индекс УДК 087.5:54
084 a Индекс другой классификации/Индекс ББК Г.я92
090 c Каталожный индекс Г.я92
x Авторский знак М63
a Полочн. индекс Г.я92
245 00 a Заглавие Мир химии
b Продолж. заглавия Занимат. рассказы о химии
c Ответственность [Сост. Ю.И. Смирнов]
260 0_ a Место издания СПб.
b Издательство МиМ-Экспресс
c Дата издания 1995
300 a Объем 155,[2] с.
b Иллюстрации/ тип воспроизводства ил.
440 a Серия Хочу все знать
650 a Основная рубрика Химия занимательная
653 a Ключевые слова Химия
a Ключевые слова Занимательная химия
852 t Порядковый номер экземпляра 1
p Инвентарный номер 668833
954 a Дата поступления на обработку 10.06.96
999 a Подразделение 2 Фил3